000 03443nam0a2200349 4500
001 RU\NLR\BIBL_A\012704427
005 20260419172242.0
010 _a978-5-904756-69-7
_9300
021 _aRU
_bКН-П-21-065048
_9КН-П-21-5129
035 _a(NLR Aleph) 012704427
035 _a(RuMoRGB)010811545
090 _a13658391
_c13658391
100 _a20220210d2021 u y0rusy50 ca
101 0 _arus
102 _aRU
105 _ay j 000zy
181 1 _ai
_b e
182 1 _an
200 1 _aШкола начинающего педагога: формирование педагогического мастерства
_eучебное пособие
_fД. В. Ольховский, Е. Л. Месенина
_gФилиал федерального государственного казенного военного образовательного учреждения высшего профессионального образания "Военный учебно-научный центр Военно-воздушных сил "Военно-воздушная академия имени профессора Н. Е. Жуковского и Ю. А. Гагарина" (г. Воронеж) Министерства обороны Российской Федерации в г. Челябинске
203 _aТекст
_bвизуальный
_cнепосредственный
210 _aЧелябинск
_cФилиал ВУНЦ ВВС "ВВА" в г. Челябинске
_d2021
215 _a80 с.
_cтабл.
_d21
320 _aБиблиогр.: с. 78 (19 назв.)
330 _aВ учебном пособии изложены сущность образования, педагогические функции и умения, стиль педагогической деятельности, культура общения и поведения человека в обществе, основы ораторского искусства, публичная речь перед аудиторией, современные технологии обучения, основные направления методической работы преподавателей. При изложении материала авторы особое внимание уделили педагогической этике. Учебное пособие разработано в соответствии с учебной программой и тематическим планом "Школы начинающего педагога" и предназначено для научно-педагогических работников, осуществляющих подготовку (переподготовку) курсантов (слушателей) в военных вузах
606 1 _aВысшие военно-учебные заведения
_jУчебные издания для высших учебных заведений
_xПрофессорско-преподавательский состав
_xПедагогическое мастерство
_92571663
_3RU\NLR\AUTH\661520724
686 1 _aЦ4,6(2Р)390-4я73-1
700 1 _aОльховский
_bД. В.
_gДмитрий Владимирович
701 1 _aМесенина
_bЕ. Л.
_gЕкатерина Леонидовна
942 _cBOOK
980 _aNB